| 000 | 01170cab a2200241 4500 | ||
|---|---|---|---|
| 001 | ABS67649 | ||
| 008 | 040401n2004 000 0 eng u | ||
| 035 | _a(Sirsi) u125704 | ||
| 100 | _aWaters, B. | ||
| 245 | _aCentrist politics | ||
| 260 | _c2004 | ||
| 490 |
_aArchitects' Journal _v219(12) 25 March 2004, 85(1) |
||
| 520 | _aHighlights how the new draft Planning Policy Statement 1: "Creating sustainable communities" gives housing and offices equal emphasis with retail and has been launched for consultation. Planning Policy Statement 6: "Planning for town centres" has also been published, proposing a more positive approach to planning at regional and local level, a concentration on planning for growth, the accommodation of large-scale retail development and tackling social exclusion, deprivation and lack of choice. | ||
| 590 | _aABS | ||
| 650 | _aPLANNING POLICY STATEMENT ONE | ||
| 650 | _aPLANNING POLICY STATEMENT 6 | ||
| 650 | _aSUSTAINABLE COMMUNITIES | ||
| 650 | _aTOWN CENTRES | ||
| 650 | _aHOUSING DEVELOPMENTS | ||
| 650 | _aRETAIL DEVELOPMENTS | ||
| 690 | _aENVIRONMENTAL AND LAND CONSULTANCY-PLANNING AND DEVELOPMENT | ||
| 942 | _n0 | ||
| 999 |
_c74337 _d74337 |
||